| 000 | 00671nam a2200229 a 4500 | ||
|---|---|---|---|
| 001 | 54213 | ||
| 003 | BD-RjUL | ||
| 005 | 20211209080104.0 | ||
| 008 | 870402r19491942nyuaf 001 0 eng | ||
| 035 | _a(BD-RjUL)54335 | ||
| 040 |
_aDLC _cCoD _dBD-RjUL _dBD-RjUL _beng |
||
| 041 | _aeng | ||
| 082 |
_223 _a678.72 _bBAM 1949 |
||
| 100 | 1 |
_aBarron, Harry. _9161796 |
|
| 245 | 1 | 0 |
_aModern synthetic rubbers / _cby Harry Barron. |
| 250 | _a3rd. rev. ed. | ||
| 260 |
_aLondon : _bChapman & Hall Ltd, _c1949 |
||
| 300 |
_axix, 636 p. : _bill. ; _c22 cm. |
||
| 504 | _aIncludes bibliographical references and index. | ||
| 650 | 0 |
_aRubber, Artificial. _9161797 |
|
| 942 |
_2ddc _cBK |
||
| 999 |
_c54213 _d54213 |
||